A guide to the Department of Coins and Medals in the British Museum.

محفوظ في:

مؤلف مشترك: British Museum. Department of Coins and Medals.

التنسيق: كتاب

اللغة: English

منشور في: London : Printed by order of the Trustees, 1934.

الطبعة: 4th ed.

الموضوعات:

الوسوم: إضافة وسم

لا توجد وسوم, كن أول من يضع وسما على هذه التسجيلة!

رقم الطلب: CJ43 .B6 1934

LEADER 00753nam a2200253Ia 4500
001 4525
003 OSt
005 20251105095952.0
008 130303s1934 enkaf 000 0 eng d
035 |a ocm12045683 
040 |c ARCE Library 
043 |a e-uk--- 
050 4 |a CJ43 .B6 1934 
110 2 |a British Museum.  |b Department of Coins and Medals. 
245 1 2 |a A guide to the Department of Coins and Medals in the British Museum. 
250 |a 4th ed. 
264 1 |a London :  |b Printed by order of the Trustees,  |c 1934. 
300 |a 99 pages, [8] leaves of plates :  |b illustrations ;  |c 22 cm. 
500 |a "Publications of the Department": pages 92-96. 
650 0 |a Coins. 
650 0 |a Medals. 
901 |a reviewed 
942 |c BK  |2 lcc 
999 |c 3287  |d 3287